000 00665nam a2200253 a 4500
001 nice12345678
003 IN_TiNIC
005 20260116012314.0
008 050524s1987 dela grp 000 0 eng
020 _a
_c30
082 0 0 _a306.0899145
_bAYR
100 _aAyrookuzhiel, A M Abraham
245 _aSwami Anand Thirth
_b Untouchability: Gandhian Solution on Trial
260 _aDelhi
_bISPCK
_c1987
300 _a144p
500 _aincludes index and biblioraphy
505 2 _aAppendix
650 _aCaste-India
650 _aSwami Anand Tirth-Biography
700 1 _aAyrookuzhiel, A M Abraham
902 _bSRS
942 _cBK
999 _c6477
_d6477